000 00555nam a2200181Ia 4500
008 151018s9999 xx 000 0 und d
082 _bRBASDV15523
_a891.463
100 _aशुभांगी भडभडे
245 _aसमाधी
250 _b1
260 _bगुलमोहर प्रकाशन सातारा
_c1982
300 _a167
600 _aशुभांगी भडभडे
630 _aसमाधी
700 _aशुभांगी भडभडे
730 _aसमाधी
942 _cBOOK
999 _c1016250
_d1016247